सं.राजसन्यास (Record no. 158898)

MARC details
000 -LEADER
fixed length control field 00620nam a2200169Ia 4500
008 - FIXED-LENGTH DATA ELEMENTS--GENERAL INFORMATION
fixed length control field 090124s9999 xx 000 0 und d
082 ## - DEWEY DECIMAL CLASSIFICATION NUMBER
Item number 112807
100 ## - MAIN ENTRY--PERSONAL NAME
Personal name गडकरी राम गणेश (गोविंदाग्रज)
245 ## - TITLE STATEMENT
Title सं.राजसन्यास
250 ## - EDITION STATEMENT
Edition statement 0
300 ## - PHYSICAL DESCRIPTION
Extent 67
600 ## - SUBJECT ADDED ENTRY--PERSONAL NAME
Personal name गडकरी राम गणेश (गोविंदाग्रज)
630 ## - SUBJECT ADDED ENTRY--UNIFORM TITLE
Uniform title सं.राजसन्यास
700 ## - ADDED ENTRY--PERSONAL NAME
Personal name गडकरी राम गणेश (गोविंदाग्रज)
730 ## - ADDED ENTRY--UNIFORM TITLE
Uniform title सं.राजसन्यास
942 ## - ADDED ENTRY ELEMENTS (KOHA)
Koha item type Book
Holdings
Withdrawn status Lost status Damaged status Not for loan Home library Current library Date acquired Cost, normal purchase price Total Checkouts Full call number Barcode Date last seen Cost, replacement price Price effective from Koha item type
        Marathi Granth Sangrahalaya,Thane Marathi Granth Sangrahalaya,Thane   2.00   112807 THNMGS-112807 01/24/2009 2.00 01/24/2009 Book